| 000 | 00633nam a2200229 a 4500 | ||
|---|---|---|---|
| 999 |
_c9173 _d9173 |
||
| 001 | 9173 | ||
| 003 | BD-JhCC | ||
| 005 | 20210929134019.0 | ||
| 008 | 180310r19551967B |||| |||| 001 0 eng d | ||
| 035 | _a(BD-JhCC)9173 | ||
| 040 |
_aBD-JhCC _dBD-JhCC |
||
| 041 | _aeng | ||
| 082 |
_a297.63 _bTHE 1967 |
||
| 100 | _aGuillaume, A. | ||
| 245 |
_aThe life of Muhammad : _bA translation of Ishaw's Sirat Rasul Allah / _cA. GUILLAUME |
||
| 260 |
_aDACCA: _bOXFORD UNIVERSITY PRESS, _c1967. |
||
| 300 |
_a813 p.: _c22 cm. |
||
| 504 | _aInclude index | ||
| 650 | _aProphet Muhammad(Sm.) | ||
| 942 |
_2ddc _cBK _01 |
||